[Event "AUTO-OPEN-2570"]
[Site "http://www.queenalice.com/game.php?id=1114944"]
[Date "2012.10.22"]
[Round "3"]
[White "phystutordotcom"]
[Black "patzer"]
[Result "0-1"]
[WhiteElo "2140"]
[BlackElo "2487"]

1. Nf3 c6 2. g3 Nf6 3. Bg2 d5 4. O-O g6 5. b3 Bg7 6. Bb2 O-O 7. c4 Bg4 8. d3
Bxf3 9. Bxf3 e6 10. Nd2 Nbd7 11. Rc1 Qe7 12. Bg2 a5 13. cxd5 exd5 14. Re1 Rfd8
15. Qc2 a4 16. bxa4 Qb4 17. Rb1 Qxa4 18. Qxa4 Rxa4 19. Bxf6 Bxf6 20. Rxb7 Bc3
21. Rd1 Rxa2 22. Nb1 Bg7 23. Bf1 Nc5 24. Rb6 Ne6 25. e3 c5 26. Bh3 Nc7 27. Rb7
Na6 28. d4 cxd4 29. exd4 Ra4 30. Bf1 Rc8 31. Bb5 Ra2 0-1

[Event "AUTO-ELITE-973"]
[Site "http://www.queenalice.com/game.php?id=1126118"]
[Date "2012.11.27"]
[Round "2"]
[White "patzer"]
[Black "Kuarwaki"]
[Result "1-0"]
[WhiteElo "2475"]
[BlackElo "2609"]

1. d4 f5 2. Bg5 h6 3. Bh4 g5 4. Bg3 Nf6 5. e3 d6 6. h4 Rg8 7. hxg5 hxg5 8. Nc3
e6 9. Qd2 a6 10. f3 b5 11. a3 Bb7 12. O-O-O Nbd7 13. Bd3 c5 14. d5 Qe7 15. dxe6
Qxe6 16. Kb1 d5 17. Nce2 Nb6 18. Nh3 Be7 19. f4 Ne4 20. Qa5 Qc6 21. fxg5 O-O-O
22. Bxe4 fxe4 23. b3 Rde8 24. Bh2 Bd8 25. Qe1 Nd7 26. Qg3 Re5 27. Rhf1 Qe6 28.
Qe1 Rf5 29. Nef4 Qd6 30. g4 Rfxg5 31. Nxg5 Rxg5 32. Rh1 Qe7 33. Bg3 Rxg4 34.
Nxd5 Qf7 35. Nf4 Rg8 36. Ne2 Bc6 37. Rh6 Kb7 38. Qh1 Bf6 39. Qf1 Rc8 40. Rxd7+
1-0

[Event "AUTO-ELITE-973"]
[Site "http://www.queenalice.com/game.php?id=1126119"]
[Date "2012.11.27"]
[Round "2"]
[White "Kuarwaki"]
[Black "patzer"]
[Result "1/2-1/2"]
[WhiteElo "2612"]
[BlackElo "2472"]

1. b3 c5 2. e4 Nc6 3. Nf3 g6 4. Bb2 Nf6 5. Bb5 Bg7 6. O-O O-O 7. Bxc6 bxc6 8. d3
d6 9. e5 Nd5 10. Re1 Re8 11. h3 a5 12. Nc3 Nxc3 13. Bxc3 a4 14. Qd2 Be6 15. Ng5
Bd5 16. exd6 Bxc3 17. Qxc3 exd6 18. Rxe8+ Qxe8 19. Re1 Qd8 20. Ne4 Bxe4 21. Rxe4
axb3 22. axb3 1/2-1/2

[Event "AUTO-OPEN-3031"]
[Site "http://www.queenalice.com/game.php?id=1198748"]
[Date "2013.7.11"]
[Round "1"]
[White "MASTROIANNI"]
[Black "patzer"]
[Result "0-1"]
[WhiteElo "1548"]
[BlackElo "2491"]

1. d4 Nf6 2. c4 e5 3. d5 Bc5 4. Bd2 d6 5. f4 Ne4 6. e3 exf4 7. Bd3 Qh4+ 8. g3
fxg3 9. Nf3 g2+ 10. Nxh4 gxh1=Q+ 11. Bf1 Qxh2 12. Ng2 Qg3+ 13. Ke2 Bg4+ 0-1

[Event "AUTO-OPEN-3031"]
[Site "http://www.queenalice.com/game.php?id=1198749"]
[Date "2013.7.11"]
[Round "1"]
[White "patzer"]
[Black "Gorgona"]
[Result "1-0"]
[WhiteElo "2489"]
[BlackElo "1439"]

1. e4 e5 2. d4 exd4 3. Nf3 Bb4+ 4. c3 dxc3 5. Nxc3 Bxc3+ 6. bxc3 d6 7. Bc4 Be6
8. Bxe6 fxe6 9. Ng5 Qf6 10. Qb3 Nd7 11. Nxe6 Rb8 12. Nxc7+ Kd8 13. Bg5 Kxc7 14.
Bxf6 Ngxf6 15. O-O-O Nxe4 16. Rhe1 Nxf2 17. Qc4+ 1-0

[Event "AUTO-OPEN-3031"]
[Site "http://www.queenalice.com/game.php?id=1198750"]
[Date "2013.7.11"]
[Round "1"]
[White "Gorgona"]
[Black "patzer"]
[Result "0-1"]
[WhiteElo "1490"]
[BlackElo "2492"]

1. e4 Nf6 2. e5 Nd5 3. c4 Nb6 4. c5 Nd5 5. d4 d6 6. cxd6 cxd6 7. Nf3 Nc6 8. Bb5
Qa5+ 9. Nc3 Nxc3 10. Bxc6+ bxc6 11. bxc3 Qxc3+ 12. Bd2 Qd3 13. Qe2 Qxe2+ 14.
Kxe2 Ba6+ 15. Kd1 e6 16. Bb4 c5 17. dxc5 dxc5 18. Ba3 O-O-O+ 19. Kc1 Bd3 20. Rd1
Be7 21. Ne1 Be2 22. Rxd8+ Rxd8 23. Kc2 Bh5 24. f3 Bg6+ 25. Kc3 f6 26. f4 Rd4 27.
g3 fxe5 28. fxe5 Rd5 0-1

[Event "AUTO-OPEN-3031"]
[Site "http://www.queenalice.com/game.php?id=1198752"]
[Date "2013.7.11"]
[Round "1"]
[White "Rafaelpimentel"]
[Black "patzer"]
[Result "0-1"]
[WhiteElo "2157"]
[BlackElo "2493"]

1. Nf3 c6 2. b3 d5 3. Bb2 Nf6 4. e3 Bg4 5. Be2 e6 6. d4 Qa5+ 7. c3 Nbd7 8. O-O
Bd6 9. Nbd2 Ne4 10. Nxe4 dxe4 11. Nd2 Qh5 0-1

[Event "AUTO-OPEN-3031"]
[Site "http://www.queenalice.com/game.php?id=1242597"]
[Date "2013.12.25"]
[Round "2"]
[White "eget"]
[Black "patzer"]
[Result "0-1"]
[WhiteElo "2123"]
[BlackElo "2499"]

1. e4 Nf6 2. e5 Nd5 3. d4 d6 4. Nf3 dxe5 5. Nxe5 c6 6. Be2 Bf5 7. g4 Be6 8. Nd3
g6 9. Nc5 Bc8 10. O-O Bg7 11. c4 Nc7 12. Nb3 f5 13. Nc3 fxg4 14. Bxg4 O-O 15.
Bg5 Nd7 16. Qe2 Nf6 17. f3 b6 18. Rac1 Rf7 19. Bxc8 Qxc8 20. Rfe1 Qd7 21. Rcd1
Raf8 22. Qg2 Nfe8 23. d5 Nd6 24. Qe2 Rxf3 25. Bxe7 Rf2 26. dxc6 Qh3 27. Qxf2
Rxf2 28. Kxf2 Qxh2+ 29. Kf1 Nf5 30. Rd8+ Kf7 31. Bd6 Nxd6 32. Rd7+ Kf8 33. Rxc7
Bf6 34. Re3 Nf5 35. Rc8+ Kg7 36. Rf3 Qh1+ 37. Ke2 Qg2+ 38. Rf2 Ng3+ 39. Ke3 Bg5+
40. Rf4 Nf5+ 41. Kd3 Qh3+ 42. Kc2 Ne3+ 43. Kb1 Bxf4 44. Re8 Qf1+ 45. Nc1 Nxc4
46. Ne2 Bxc1 47. Kc2 Qe1 48. Re7+ Kf6 49. Kb3 Kxe7 50. Nc3 Na5+ 51. Ka4 Qh4+ 52.
Ka3 Qd4 0-1

[Event "AUTO-OPEN-3031"]
[Site "http://www.queenalice.com/game.php?id=1242598"]
[Date "2013.12.25"]
[Round "2"]
[White "patzer"]
[Black "eget"]
[Result "1-0"]
[WhiteElo "2498"]
[BlackElo "1946"]

1. Nf3 d5 2. d4 Nf6 3. c4 e6 4. Nc3 Nbd7 5. cxd5 exd5 6. Bf4 Bb4 7. Qb3 c5 8.
Rc1 a5 9. Qc2 Ne4 10. e3 g5 11. Bg3 O-O 12. Be2 1-0

[Event "AUTO-OPEN-3031"]
[Site "http://www.queenalice.com/game.php?id=1242607"]
[Date "2013.12.25"]
[Round "2"]
[White "patzer"]
[Black "franz_ferdinand"]
[Result "1-0"]
[WhiteElo "2494"]
[BlackElo "2063"]

1. d4 d5 2. c4 Bf5 3. cxd5 Bxb1 4. Qa4+ c6 5. Rxb1 Qxd5 6. Nf3 Nd7 7. e3 Nb6 8.
Qc2 Nf6 9. b4 e6 10. Bd3 Be7 11. a4 O-O 12. e4 Qh5 13. h3 h6 14. a5 Nbd7 15. e5
Ng4 16. Be2 f5 17. Nh2 1-0

[Event "AUTO-OPEN-3031"]
[Site "http://www.queenalice.com/game.php?id=1242608"]
[Date "2013.12.25"]
[Round "2"]
[White "franz_ferdinand"]
[Black "patzer"]
[Result "0-1"]
[WhiteElo "2065"]
[BlackElo "2497"]

1. e4 d6 2. d4 Nf6 3. Nc3 Nbd7 4. Nf3 e5 5. Bc4 Be7 6. Ng5 O-O 7. dxe5 Nxe5 8.
Bb3 c6 9. h3 a5 10. a4 Nfd7 11. Nf3 Nxf3+ 12. Qxf3 Nc5 13. Bc4 Bf6 14. Bd2 Be6
15. Bd3 Be5 16. O-O f5 17. exf5 Nxd3 18. Qxd3 Bxf5 19. Qc4+ Rf7 20. f4 Qb6+ 21.
Kh1 d5 22. Qb3 Qxb3 23. cxb3 Bf6 24. Rac1 d4 25. Ne2 Be6 0-1

[Event "AUTO-OPEN-3031"]
[Site "http://www.queenalice.com/game.php?id=1317052"]
[Date "2014.10.21"]
[Round "3"]
[White "patzer"]
[Black "gega"]
[Result "1-0"]
[WhiteElo "2501"]
[BlackElo "2154"]

1. Nf3 Nf6 2. c4 g6 3. Nc3 Bg7 4. d4 O-O 5. g3 d6 6. Bg2 Nbd7 7. O-O e5 8. dxe5
dxe5 9. Qb3 c5 10. Rd1 Qa5 11. Ng5 Rb8 12. Be3 Ng4 13. Bd2 Ngf6 14. Nb5 Qb6 15.
Bc3 h6 16. Ne4 Rd8 17. Rd6 Ra8 18. Rxb6 axb6 19. Nxf6+ Bxf6 20. Nc7 Rb8 21. Nd5
Kg7 22. Nxf6 Kxf6 23. Rd1 Re8 24. f4 Kg7 25. Qa4 b5 26. Qxb5 Kf8 27. Rxd7 Bxd7
28. Qxd7 Rbd8 29. Qxb7 exf4 30. Bd5 Re7 31. Bg7+ Kxg7 32. Qxe7 Rf8 33. gxf4 Kg8
34. Qf6 Kh7 35. Bxf7 Rg8 36. Bxg8+ Kxg8 37. e4 Kh7 38. Qf7+ Kh8 39. f5 1-0

[Event "AUTO-OPEN-3031"]
[Site "http://www.queenalice.com/game.php?id=1317053"]
[Date "2014.10.21"]
[Round "3"]
[White "gega"]
[Black "patzer"]
[Result "0-1"]
[WhiteElo "2152"]
[BlackElo "2502"]

1. c4 d5 2. d4 c6 3. Nf3 Nf6 4. Nc3 e6 5. e3 Nbd7 6. Bd3 dxc4 7. Bxc4 b5 8. Bd3
Bb7 9. O-O a6 10. e4 c5 11. d5 c4 12. Bc2 Qc7 13. dxe6 fxe6 14. Nd4 Nc5 15. Be3
e5 16. Nf3 Be7 17. Ng5 Rc8 18. Qf3 O-O 19. Bxc5 Bxc5 20. Ne6 Qd6 21. Nxf8 Rxf8
22. Qe2 Bc8 23. Rab1 Ng4 24. Nd1 Nxh2 25. Kxh2 Rf4 26. Kg1 Rh4 27. Qf3 Bg4 28.
Qg3 Qh6 29. Qxh4 Qxh4 30. Ne3 Bxe3 31. fxe3 g5 32. Rf6 Bh5 33. Rxa6 g4 34. Rd1
g3 35. Ra8+ Kg7 36. Rd7+ Kf6 37. Ra6+ Kg5 38. Rg7+ Bg6 39. Ra8 Qh2+ 40. Kf1 Qh1+
41. Ke2 Qxg2+ 42. Kd1 Qf1+ 43. Kd2 Qf2+ 44. Kc1 Qe1+ 45. Bd1 Qxe3+ 46. Kc2 Qxe4+
47. Kc3 Qe1# 0-1

[Event "AUTO-OPEN-3031"]
[Site "http://www.queenalice.com/game.php?id=1317054"]
[Date "2014.10.21"]
[Round "3"]
[White "patzer"]
[Black "etuz"]
[Result "1-0"]
[WhiteElo "2503"]
[BlackElo "2150"]

1. c4 e5 2. Nc3 Nc6 3. g3 Nf6 4. Bg2 Bc5 5. e3 O-O 6. Nge2 a6 7. O-O d6 8. h3
Ba7 9. b3 Bd7 10. Bb2 Qe7 11. d4 Rfe8 12. d5 Na5 13. g4 Bc5 14. g5 Nh5 15. Ne4
Ba7 16. c5 Bf5 17. N2c3 Bg6 18. Bf3 f5 19. Bxh5 fxe4 20. Bxg6 Qxg5+ 21. Qg4 Qxg6
22. Qxg6 hxg6 23. cxd6 cxd6 24. Nxe4 b6 25. Rac1 Bb8 26. b4 Nb7 27. Rc6 b5 28.
Rfc1 Kf8 29. Rb6 Ra7 30. Ng5 Ke7 31. f4 exf4 32. exf4 Kf8 33. Ne6+ Ke7 34. Bd4
Rg8 35. Kg2 Re8 36. Rbc6 Nd8 37. Bxa7 Nxc6 38. Rxc6 Bxa7 39. Rc7+ Kf6 40. Rxa7
g5 41. fxg5+ Ke5 42. Rxg7 Rc8 43. g6 Kxd5 44. Nf4+ Ke4 45. Kg3 Rb8 46. Kg4 Rc8
47. Re7+ Kd4 48. g7 Rg8 49. h4 d5 50. h5 a5 51. h6 Kc4 52. h7 Ra8 53. g8=Q Kxb4
54. Qxa8 d4 55. Qd5 Kc3 56. Qb3+ Kd2 57. Re2+ 1-0

[Event "AUTO-OPEN-3031"]
[Site "http://www.queenalice.com/game.php?id=1317055"]
[Date "2014.10.21"]
[Round "3"]
[White "etuz"]
[Black "patzer"]
[Result "0-1"]
[WhiteElo "2144"]
[BlackElo "2500"]

1. e4 Nf6 2. e5 Nd5 3. d4 d6 4. c4 Nb6 5. exd6 exd6 6. Nc3 Be7 7. Bd3 Nc6 8.
Nge2 O-O 9. O-O Bf6 10. Be3 Nb4 11. b3 Nxd3 12. Qxd3 c6 13. Bf4 d5 14. c5 Nd7
15. Rfe1 b6 16. Bd6 Re8 17. Nf4 bxc5 18. dxc5 Be5 19. Bxe5 Nxe5 20. Qd4 Qg5 21.
Re3 Bd7 22. Rd1 Ng6 23. Nxg6 Rxe3 24. fxe3 hxg6 25. e4 Re8 26. Rf1 Bh3 27. Qf2
dxe4 28. Qxf7+ Kh7 29. Qf2 Bxg2 30. h4 Qe5 31. Kxg2 Qxc3 32. Qf7 Qe5 33. Qf4
Qxc5 34. Qc1 Qd4 35. Qxc6 Rd8 36. Qe6 Qe3 37. Qg4 Rd2+ 38. Kh1 Qd3 39. Kg1 Qd6
40. Qf4 Qb6+ 41. Rf2 e3 42. Kg2 Rxf2+ 43. Qxf2 exf2 44. Kf1 Qe3 45. b4 Qe1+ 0-1

[Event "USA & EUROPE"]
[Site "http://www.queenalice.com/game.php?id=1620324"]
[Date "2020.7.14"]
[Round "2"]
[White "Alsina"]
[Black "patzer"]
[Result "1/2-1/2"]
[WhiteElo "2660"]
[BlackElo "2512"]

1. c4 e5 2. Nc3 Nf6 3. Nf3 Nc6 4. g3 d5 5. cxd5 Nxd5 6. Bg2 Nb6 7. O-O Be7 8. d3
O-O 9. a3 Be6 10. Be3 Nd5 11. Nxd5 Bxd5 12. Qa4 a6 13. Rac1 h6 14. Nd2 Nd4 15.
Bxd4 Bxg2 16. Kxg2 exd4 17. Nf3 c5 18. b4 Qd5 19. bxc5 Bxc5 20. Rc2 b6 21. Qc4
Qxc4 22. Rxc4 Bxa3 23. Nxd4 Bc5 24. Rb1 Bxd4 25. Rxd4 b5 26. Rdb4 Rfd8 27. h4
Kf8 28. Kf3 Rd6 29. Ke3 1/2-1/2